000
00331 a2200157 4500
001
62753
020
_a
9788571533493
040
_c
Anchieta - Pituba
100
_a
Rios, Maria ZoƩ
240
1
0
_a
O nome do jogo
_l
por
245
1
0
_a
O nome do jogo
300
_a
35
362
0
_a
2016
650
4
_a
Literatura juvenil
942
_c
BK
999
_c
62753
_d
62753